Statystyki dla Stolice azji

Kliknij tutaj aby rozwiązać quiz!

Ogólne statystyki

  • Ten quiz został rozwiązany 55 razy
  • Średni wynik to 17 z 31

Statystyki odpowiedzi

KrajStolica% Poprawnych
AfganistanKabul
77%
GruzjaTbilisi
73%
IranTeheran
70%
CyprNikozja
67%
AzerbejdżanBaku
63%
Korea PołudniowaSeul
63%
KazachstanAstana
60%
TadżykistanDuszanbe
60%
MongoliaUłan Bator
60%
TajlandiaBangkok
57%
PakistanIslamabad
57%
NepalKatmandu
57%
MalezjaKuala Lumpur
57%
ChinyPekin
57%
Korea PółnocnaPjongjang
57%
UzbekistanTaszkent
57%
ZEAAbu Zabi
53%
IrakBagdad
53%
SyriaDamaszek
53%
FilipinyManila
53%
JaponiaTokio
53%
TurcjaAnkara
47%
TurkmenistanAszchabad
47%
KirgistanBiszkek
47%
KatarDoha
47%
ArmeniaErewan
47%
IzraelJerozolima
47%
LibanBejrut
43%
Sri LankaKotte
43%
IndieDehli
40%
WietnamHanoi
40%

Rozkład punktacji

Percentyl według liczby udzielonych odpowiedzi

Procent ludzi z każdym wynikiem

Twoja historia wyników

Nie rozwiązałeś tego quizu